000 00808nam a2200253 a 4500
001 72295
003 BD-RjUL
005 20211209082237.0
008 170516s1973 nyua b 001 0 eng d
020 _a0471165840
_a0471165859 (pbk.)
035 _a(BD-RjUL)72512
040 _aDLC
_cDLC
_dm.c.
_dMYG
_dBD-RjUL
_beng
041 _aeng
082 _223
_a547.84028
_bCOE 1973
100 1 _aCollins, Edward A.
_d1928-
_9213768
245 1 0 _aExperiments in polymer science /
_cEdward A. Collins, Jan Bares and Fred W. Billmeyer
260 _aNew York :
_bWiley,
_cc1973
300 _aix, 530 p. :
_bill. ;
_c26 cm.
504 _aIncludes bibliographies and index.
650 0 _aPolymers
_vLaboratory manuals.
_9213769
700 1 _aBares, Jan.
_9213770
700 1 _aBillmeyer, Fred W.
_9213771
942 _2ddc
_cBK
999 _c72295
_d72295